| 000 | 00668nam a2200193 4500 | ||
|---|---|---|---|
| 001 | 107574 | ||
| 003 | ES-MaACL | ||
| 005 | 20230906184441.0 | ||
| 007 | t| | ||
| 008 | 061121s1961 sp r ||||1| spa d | ||
| 100 | 1 |
_aMortensen, Jess P. _983714 |
|
| 245 | 1 | 0 |
_aTécnicas del atletismo / _cJess P. Mortensen, John M. Cooper; traducción de M. Bartolomé López; supervisión técnica por Ricardo Cararach. |
| 260 |
_aBarcelona : _bHispano Europea, _c1961. |
||
| 300 |
_a182 p. : _bil. ; _c21 cm. |
||
| 700 | 1 |
_aCooper, John M. _940391 |
|
| 700 | 1 |
_aBartolomé López, Manuel. _926171 |
|
| 700 | 1 |
_aCararach, Ricardo. _934965 |
|
| 852 |
_aES-MaACL _jC-20674 _bR.49289 |
||
| 999 |
_c107574 _d107574 |
||